000 02669nam1a2200349 i 4500
001 RU\NLR\BIBL_A\022011033
005 20241103113012.0
010 _a9785001049586
_bобщ.
035 _a(NLR Aleph) 022011033
090 _a12483598
_c12483598
100 _a20230824d2023 k y0rusy50 ca
101 0 _arus
_aeng
102 _aRU
105 _a| z |||||
181 0 _ai
_baxxe
182 0 _an
200 1 _aНовая реальность: экономика, менеджмент, социальные коммуникации
_eматериалы Всероссийской научно-практической конференции с международным участием (г. Новосибирск, 19-20 апреля 2023 г.)
_eв 2 частях
_fМинистерство науки и высшего образования Российской Федерации, Новосибирский государственный педагогический университет, [Институт менеджмента и социальных коммуникаций]
_gредакционная коллегия: канд. психол. наук, доц. И. В. Архипова [и др.]
203 _aТекст
_bвизуальный
_cнепосредственный
210 _aНовосибирск
_cНовосибирский государственный педагогический университет
_d2023
215 _d21
606 _aЭкономика
_jСъезды, совещания и т.п
_91414491
_3RU\NLR\AUTH\66284709
606 1 _aКоммуникации социальные
_jСъезды, совещания и т.п
_92074834
_3RU\NLR\AUTH\661249852
686 1 _aУ.я431
686 1 _aС550.74я431
702 1 _4340
_7ca
_8rus
_aАрхипова
_bИ. В.
_cканд. психол. наук
_gИрина Витальевна
_9221873
_3RU\NLR\AUTH\770221929
711 1 2 _a"Новая реальность: экономика, менеджмент, социальные коммуникации", всероссийская научно-практическая конференция с международным участием
_eНовосибирск
_f2023
_9858600
_3RU\NLR\AUTH\880596732
712 0 2 _4557
_aНовосибирский государственный педагогический университет
_bИнститут менеджмента и социальных коммуникаций
_9629462
_3RU\NLR\AUTH\880484513
852 _aNLR
_j2023-3/17812
942 _cBOOK